| 000 | 01294cam a22001934a 4500 | ||
|---|---|---|---|
| 005 | 20250605164000.0 | ||
| 008 | 250528s ||||||||||||||||||||||||d | ||
| 035 | _a15602 | ||
| 020 | _a9607235096 | ||
| 040 |
_aGR-AtMCL _bgre _dGR-AtMCL _eAACR2 |
||
| 245 | 1 | _aH QuickBASIC και οι Εφαρμογές Της | |
| 260 |
_bΝέων Τεχνολογιών, _c1992 |
||
| 300 | _a392 | ||
| 520 | _aΣτο βιβλίο αυτό περιγράφεται η χρήση και η λειτουργία της γλώσσας και αναπτύσσονται πλήθος προγραμμάτων από πολλά πεδία εφαρμογών. Πρόλογος, Η Γλώσσα, Εισαγωγή, Βασικά Στοιχεία, Δομές Ελέγχου, Διαδικασίες: Υποπρογράμματα και Συναρτήσεις, Το Περιβάλλον της Quick BASIC, Εφαρμογές, Χρήσιμες Ρουτίνες, Εφαρμογές από τα Μαθηματικά, Ταξινόμηση και Αναζήτηση, Διαχείριση Αρχείων, Αναφορά, Εντολές και Συναρτήσεις της Quick BASIC, Βιβλιογραφία. | ||
| 700 | 1 |
_aΚοίλιας Χρήστος _9799 |
|
| 942 | _cBK | ||
| 999 |
_c1172 _d1172 |
||